000 00272nam a22001217a 4500
008 170914b xxu||||| |||| 00| 0 eng d
041 _aeng
080 _a7
100 _a44
101 _aART
245 _aCUBISM AND TWENTIETH-CENTURY ART
_cROSENBLUM, R
942 _2udc
_cBK
999 _c27535
_d27535